Tarian inai

Bibliographic Details
Format: Book
Published: Petaling Jaya : : Oak Enterprise , , 2003
Series:Siri tarian tradisional Melayu
Subjects:

MARC

LEADER 00000cam a2200000 7i4500
001 0000027556
005 20090910.0
008 090910
020 |a 9832106834 
090 0 0 |a CUS   |b MAL 
245 1 0 |a Tarian inai   |c Fs-Sy 
260 |a Petaling Jaya : :   |b Oak Enterprise , ,   |c 2003 
440 |a Siri tarian tradisional Melayu 
650 0 |a Children age 10-12 
650 0 |a Folk dancing, Malay   |z Malaysia 
650 0 |a Tarian inai 
999 |a 0001061113   |b Book   |c Children Collection   |e Perbadanan Perpustakaan Awam Johor 
999 |a 0001061114   |b Book   |c Children Collection   |e Perbadanan Perpustakaan Awam Johor 
999 |a 0001061115   |b Book   |c Children Collection   |e Cawangan Tangkak 
999 |a 0001061116   |b Book   |c Children Collection   |e Cawangan Tangkak